000
00306nam a2200109 a 4500
005
20141022142000.0
008
100825s19uu xx 00 eng d
050
_a
VHS
_b
M46 2004
245
_a
Medication Administration :
_b
Routes of administration.
650
_a
VHS
_x
Routes of administration
942
_c
AVM
999
_c
276223
_d
276223